|
|
|
|
| LEADER |
02687nam a2200445 a 4500 |
| 001 |
35420 |
| 003 |
BD-DhAAL |
| 005 |
20220210112706.0 |
| 008 |
191226t2008 caua b 001 0 eng d |
| 999 |
|
|
|c 42098
|d 42098
|
| 010 |
|
|
|a 2008022738
|
| 015 |
|
|
|a GBA871103
|2 bnb
|
| 016 |
7 |
|
|a 014627171
|2 Uk
|
| 020 |
|
|
|a 9780787987985
|
| 020 |
|
|
|a 0787987980
|
| 020 |
|
|
|a 9780787987992 (pbk.)
|
| 020 |
|
|
|a 0787987999 (pbk.)
|
| 035 |
|
|
|a (OCoLC)229342502
|z (OCoLC)192056217
|
| 035 |
|
|
|a (OCoLC)ocn229342502
|
| 040 |
|
|
|a DLC
|c DLC
|d UKM
|d BAKER
|d BTCTA
|d YDXCP
|d NLGGC
|d C#P
|d BWX
|d CDX
|d DLC
|d BD-DhAAL
|
| 050 |
0 |
0 |
|a HD31
|b .B6135 2008
|
| 082 |
0 |
0 |
|a 658.4063
|2 22
|
| 100 |
1 |
|
|a Bolman, Lee G.
|9 38566
|
| 245 |
1 |
0 |
|a Reframing organizations :
|b artistry, choice, and leadership /
|c Lee G. Bolman, Terrence E. Deal.
|
| 250 |
|
|
|a Fourth edition
|
| 260 |
|
|
|a San Francisco :
|b Jossey-Bass,
|c c2008.
|
| 300 |
|
|
|a xvi, 527 pages :
|b illustrations ;
|c 25 cm.
|
| 440 |
|
4 |
|a The Jossey-Bass business & management series
|9 38567
|
| 504 |
|
|
|a Includes bibliographical references (pages 445-479) and index.
|
| 505 |
0 |
|
|a Introduction: the power of reframing -- Simple ideas, complex organizations -- Getting organized -- Structure and restructuring -- Organizing groups and teams -- People and organizations -- Improving human resource management -- Interpersonal and group dynamics -- Power, conflict, and coalition -- The manager as politician -- Organizations as political arenas and political agents -- Organizational symbols and culture -- Culture in action -- Organization as theater -- Integrating frames for effective practice -- Reframing in action: opportunities and perils -- Reframing leadership -- Reframing change in organizations: training, realigning, negotiating, and grieving -- Reframing ethics and spirit -- Bringing it all together: change and leadership in action -- Epilogue: artistry, choice, and leadership.
|
| 526 |
|
|
|a BIED
|
| 541 |
|
|
|a Complimentary copy from BIED
|e 35420, 37675
|
| 650 |
|
0 |
|a Management.
|9 38568
|
| 650 |
|
0 |
|a Organizational behavior.
|9 38569
|
| 650 |
|
0 |
|a Leadership.
|9 38570
|
| 700 |
1 |
|
|a Deal, Terrence E.
|9 38571
|
| 852 |
|
|
|a Ayesha Abed Library
|c BIED Collection
|
| 942 |
|
|
|2 ddc
|c BK
|
| 952 |
|
|
|0 0
|1 0
|2 ddc
|4 0
|6 658_406300000000000_BOL
|7 0
|9 67541
|a BRACUL
|b BRACUL
|c GEN
|d 2019-12-26
|e Complimentary copy from BIED
|l 1
|m 1
|o 658.4063 BOL
|p 3010035420
|r 2023-06-17
|s 2023-06-04
|t 1
|w 2019-12-26
|y BK
|x Transferred from BIED to General Stacks
|
| 952 |
|
|
|0 0
|1 0
|2 ddc
|4 0
|6 658_406300000000000_BOL
|7 0
|9 69753
|a BRACUL
|b BRACUL
|c GEN
|d 2022-02-10
|e Complimentary copy from BIED
|l 0
|o 658.4063 BOL
|p 3010037675
|r 2022-02-10
|t 2
|w 2022-02-10
|y BK
|x Transferred from BIED to General Stacks
|